Cuyo-Valparaíso: crónicas de dos regiones hermanas
Gespeichert in:
| Körperschaft: | |
|---|---|
| Format: | Buch |
| Sprache: | Spanisch |
| Veröffentlicht: |
Buenos Aires
Verlap
1997
|
| Ausgabe: | 1a. ed |
| Schlagworte: | |
| Tags: |
Tag hinzufügen
Keine Tags, Fügen Sie den ersten Tag hinzu!
|
MARC
| LEADER | 00000nam a2200000 a 4500 | ||
|---|---|---|---|
| 001 | UCP8683 | ||
| 003 | CL-VaPUC | ||
| 005 | 20230110074241.0 | ||
| 008 | 000310e19971200AG |||||||||||||||||spa|d | ||
| 999 | |c 285574 |d 285572 | ||
| 040 | |c Pontificia Universidad Católica de Valparaíso | ||
| 082 | 0 | 4 | |a 983.03 |b EMB |2 21 |
| 110 | 2 | |a Embajada de Chile en Argentina |e author |9 438799 | |
| 245 | 1 | 0 | |a Cuyo-Valparaíso: crónicas de dos regiones hermanas |
| 250 | |a 1a. ed | ||
| 260 | |a Buenos Aires |b Verlap |c 1997 | ||
| 300 | |a 143 p | ||
| 583 | |a last modification |c 20000310 00:00:00 |k Rodrigo Vera | ||
| 600 | 0 | 7 | |a CORIA, LUIS ALBERTO |2 CL-VaPUC |9 438800 |
| 600 | 0 | 7 | |a OCAÑA, HUGO |2 CL-VaPUC |9 438801 |
| 600 | 0 | 7 | |a Lacoste, Pablo |9 859835 |
| 650 | 0 | |a Historia de Chile |9 265473 | |
| 650 | 0 | |a Historia de Argentina |9 319851 | |
| 650 | 0 | |a Integración económica |9 255024 | |
| 650 | 0 | |a Relaciones Internacionales |9 255740 | |
| 650 | 0 | |a Valparaíso histórico |9 266586 | |
| 651 | 7 | |a CUYO |2 CL-VaPUC |9 309490 | |
| 651 | 7 | |a MENDOZA |2 CL-VaPUC |9 438803 | |
| 651 | 0 | |a Valparaíso, Chile |9 261144 | |
| 852 | |a BIBCUR | ||
| 942 | |c BK |2 ddc | ||
| 945 | |d 20000310 00:00:00 |a crobeson | ||
| 952 | |0 0 |1 0 |4 0 |6 983_030000000000000_EMB_1997 |7 0 |8 A |9 330268 |a BIBHIS |b BIBHIS |d 2019-11-20 |i 3448290 |o 983.03 EMB 1997 |p 3448290 |r 2025-01-20 |w 2019-11-20 |y BK |k HIS | ||
| 952 | |0 0 |1 0 |4 0 |6 983_030000000000000_EMB_1997 |7 0 |8 A |9 330269 |a BIBHIS |b BIBHIS |d 2019-11-20 |i 3448304 |o 983.03 EMB 1997 |p 3448304 |r 2025-01-20 |w 2019-11-20 |y BK |k HIS | ||
| 952 | |0 0 |1 0 |4 0 |6 983_030000000000000_EMB_1997 |7 0 |8 P |9 330270 |a BIBDER |b BIBDER |d 2019-11-20 |i 3498174 |o 983.03 EMB 1997 |p 3498174 |r 2023-01-25 |w 2019-11-20 |y BK |k DER | ||
| 952 | |0 0 |1 0 |4 0 |6 983_030000000000000_EMB_1997 |7 0 |8 A |9 330271 |a BIBCUR |b BIBCUR |d 2019-11-20 |i 3884376 |o 983.03 EMB 1997 |p 3884376 |r 2025-04-22 |w 2019-11-20 |y BK |k PER | ||
| 952 | |0 0 |1 0 |4 0 |6 983_030000000000000_EMB_1997 |7 0 |8 A |9 330272 |a BIBCUR |b BIBCUR |d 2019-11-20 |i 3900037 |o 983.03 EMB 1997 |p 3900037 |r 2025-04-22 |w 2019-11-20 |y BK |k PER | ||
| 952 | |0 0 |1 0 |4 0 |6 983_030000000000000_EMB_1997 |7 0 |8 X |9 330273 |a FDOBUD |b FDOBUD |d 2019-11-20 |i 1032429 |o 983.03 EMB 1997 |p 1032429 |r 2019-11-20 |w 2019-11-20 |y BK_X |k BUD | ||